Essentials of Biochemistry-2/ (Record no. 35100)

MARC details
000 -LEADER
fixed length control field 00478nam a22001817a 4500
005 - DATE AND TIME OF LATEST TRANSACTION
control field 20240122115150.0
008 - FIXED-LENGTH DATA ELEMENTS--GENERAL INFORMATION
fixed length control field 240122b |||||||| |||| 00| 0 eng d
082 ## - DEWEY DECIMAL CLASSIFICATION NUMBER
Classification number 612
Item number MUS-E
100 ## - MAIN ENTRY--AUTHOR
Author Name Mushtaq, Ahmad
245 ## - TITLE STATEMENT
Title Essentials of Biochemistry-2/
Statement of responsibility, etc. Mushtaq Ahmad
250 ## - EDITION STATEMENT
Edition statement 7th ed.
260 ## - PUBLICATION, DISTRIBUTION, ETC.
Place of Publication Pakistan:
Name of publisher, distributor, etc. Ilmi Book House;
Date of publication, distribution, etc. 2008
300 ## - PHYSICAL DESCRIPTION
Pages viii; 403 p:
490 ## - SERIES STATEMENT
Volume vol-2
500 ## - GENERAL NOTE
General note Index Given.
650 ## - SUBJECT ADDED ENTRY--TOPICAL TERM
Subject / Department Physiology/Medical
300 ## - PHYSICAL DESCRIPTION
-- ill;
-- 21 cm.
952 ## - LOCATION AND ITEM INFORMATION (KOHA)
-- 0
-- 0
Holdings
Lost status Damaged status Collection code Permanent Location Current Location Shelving Location Date acquired Full Call Number Accession No./Barcode Date last seen item type Koha item type
    Medical Superior Information Resource Center (SIRC) Superior University- Main Campus Superior Information Resource Center (SIRC) Superior University- Main Campus Physiology 01/22/2024 612 MUS-E 2008 11503 01/22/2024 BOOK BOOK

Powered by Koha